|
|
|
|
| LEADER |
00618nam a22001337a 4500 |
| 008 |
210329b ||||| |||| 00| 0 eng d |
| 082 |
|
|
|a 374
|
| 245 |
|
|
|a Adult education and National integration :
|b report of the seventeenth National seminar , Gauhati October 26-28 , 1969 /
|c Indian Adult Education Association .
|
| 260 |
|
|
|a New Delhi :
|b Indian Adult Education Association ,
|c 1970.
|
| 300 |
|
|
|a 41p. ;
|c 21cm.
|
| 650 |
|
7 |
|2 fast
|9 863936
|a Adult education
|
| 942 |
|
|
|c BK
|
| 999 |
|
|
|c 357919
|d 357919
|
| 952 |
|
|
|0 0
|1 0
|2 ddc
|4 0
|6 374_000000000000000_ADU
|7 0
|9 415265
|a LLE
|b LLE
|c ST1
|d 1973-02-16
|i 321
|l 0
|o 374 ADU
|p LLE321
|r 2021-03-29
|w 2021-03-29
|y BK
|